000 00419nam a2200157Ia 4500
008 240729s9999 xx 000 0 und d
022 _a2578-3343
245 0 _aCooper Rowan Medical Journal
260 _aUnited States
260 _bRowan Digital Works
650 _a Medicine (General)
650 _aMedicine
856 _uhttps://doaj.org/toc/f830cccbb64544c892dff6382f33bdc9
942 _2ddc
942 _cDOAJEJ
999 _c70015
_d70015
945 _a1
_bMadushi Gamage
_c1
_dMadushi Gamage